Yo-Kai Watch 2 All Tough Tribe Yo-kai - Statistics

General Stats
  • This quiz has been taken 7 times
  • The average score is 21 of 48
Answer Stats
Picture Answer % Correct
Goldenyan
100%
Robonyan
100%
Roughraff
100%
Castelius I
80%
Castelius II
80%
Castelius III
80%
Castelius Max
80%
Fidgephant
80%
Gargaros
80%
Gilgaros
80%
Impass
80%
Noway
80%
Orcanos
80%
Armsman
60%
Badude
60%
Blowkade
60%
Goruma
60%
Ogralus
60%
Terrorpotta
60%
Toadal Dude
60%
Dromp
40%
Enduriphant
40%
Lava Lord
40%
Ledballoon
40%
Mad Mountain
40%
Mimikin
40%
No-Go Kart
40%
Robonyan F
40%
Swelton
40%
Touphant
40%
Darumacho
20%
Dulluma
20%
Hornaplenty
20%
Mistank
20%
Rhinoggin
20%
Rhinormous
20%
Swosh
20%
Walldin
20%
Whateverest
20%
Whatuption
20%
Zappary
20%
Bruff
0%
Frazzel
0%
Pride Shrimp
0%
Sumodon
0%
Uber Geeko
0%
Wotchagot
0%
Yokozudon
0%
No matching quizzes found
Score Distribution
Percent of People with Each Score
Percentile by Number Answered
Your Score History
You have not taken this quiz